[Event "Madrid 2019-2020 ch - Previa b"]
[Site "Madrid ESP"]
[Date "2020.02.22"]
[Round "7.2"]
[White "Pajuelo Morales, Raul"]
[Black "Marin Aso, Jose Luis"]
[Result "1/2-1/2"]
[WhiteElo "1836"]
[BlackElo "1906"]
[PlyCount "23"]
[EventDate "2020.02.06"]
[EventType "swiss"]
[EventRounds "9"]
[EventCountry "ESP"]
[SourceTitle "Ajedrez en Madrid"]
[Source "lmi"]
[SourceDate "2020.02.06"]
[SourceVersion "1"]
[SourceVersionDate "2020.03.02"]
[SourceQuality "1"]

1. c4 Nf6 2. g3 e5 3. Bg2 h6 4. Nc3 Bb4 5. a3 Bxc3 6. dxc3 O-O 7. e4 d6 8. Qc2
Be6 9. b3 Nc6 10. Nf3 Qd7 11. h3 a6 12. a4 1/2-1/2

[Event "Madrid 2019-2020 ch - Previa b"]
[Site "Madrid ESP"]
[Date "2020.02.22"]
[Round "7.3"]
[White "Viñas Blasco, Jorge"]
[Black "Martin Arbeloa, Fernando"]
[Result "1/2-1/2"]
[WhiteElo "1596"]
[BlackElo "1991"]
[PlyCount "46"]
[EventDate "2020.02.06"]
[EventType "swiss"]
[EventRounds "9"]
[EventCountry "ESP"]
[SourceTitle "Ajedrez en Madrid"]
[Source "lmi"]
[SourceDate "2020.02.06"]
[SourceVersion "1"]
[SourceVersionDate "2020.03.02"]
[SourceQuality "1"]

1. Nf3 c5 2. c4 Nf6 3. b3 e6 4. Bb2 Be7 5. g3 b6 6. Bg2 Bb7 7. O-O O-O 8. e3 d5
9. Ne5 Qc8 10. cxd5 Bxd5 11. Bxd5 Nxd5 12. Qf3 Nd7 13. Na3 Nxe5 14. Bxe5 Bf6
15. Bxf6 Nxf6 16. Rfd1 Rd8 17. Nc2 e5 18. Qe2 Qh3 19. Qf1 Qxf1+ 20. Kxf1 e4 21.
Ke2 Ng4 22. h3 Ne5 23. Ne1 Kf8 1/2-1/2

[Event "Madrid 2019-2020 ch - Previa b"]
[Site "Madrid ESP"]
[Date "2020.02.22"]
[Round "7.4"]
[White "De la Orden Alcocer, Alejandro"]
[Black "Santamaria Baeza, Adolfo"]
[Result "1/2-1/2"]
[WhiteElo "2005"]
[BlackElo "1857"]
[PlyCount "118"]
[EventDate "2020.02.06"]
[EventType "swiss"]
[EventRounds "9"]
[EventCountry "ESP"]
[SourceTitle "Ajedrez en Madrid"]
[Source "lmi"]
[SourceDate "2020.02.06"]
[SourceVersion "1"]
[SourceVersionDate "2020.03.02"]
[SourceQuality "1"]

1. a4 e5 2. e4 Nc6 3. Nf3 Nf6 4. Bb5 Bc5 5. d3 O-O 6. O-O d6 7. c3 Bg4 8. Nbd2
Ne7 9. b4 c6 10. bxc5 cxb5 11. axb5 dxc5 12. Nc4 Ng6 13. h3 Bd7 14. b6 axb6 15.
Rxa8 Qxa8 16. Nxb6 Qa5 17. Qb3 Be6 18. c4 Rd8 19. Bd2 Qa7 20. Rb1 Qb8 21. Be3
Qd6 22. Na4 Qxd3 23. Qxd3 Rxd3 24. Nxc5 Rc3 25. Rxb7 h6 26. Nxe6 fxe6 27. Nd2
Nf4 28. Rb3 Rxb3 29. Nxb3 Nxe4 30. f3 Nd6 31. Bxf4 exf4 32. c5 Nc8 33. Kf2 Kf7
34. Ke2 Kf6 35. Kd3 Ke5 36. Kc4 Na7 37. Nd4 g5 38. h4 gxh4 39. c6 Kd6 40. Nb5+
Nxb5 41. Kxb5 Kc7 42. Kc5 h5 43. Kd4 Kxc6 44. Ke5 h3 45. gxh3 Kc5 46. h4 Kc4
47. Ke4 Kc5 48. Kxf4 Kd4 49. Kg5 Ke3 50. f4 Ke4 51. Kxh5 Kxf4 52. Kg6 e5 53. h5
e4 54. h6 e3 55. h7 e2 56. h8=Q e1=Q 57. Qf6+ Ke3 58. Qe5+ Kd2 59. Qxe1+ Kxe1
1/2-1/2

[Event "Madrid 2019-2020 ch - Previa b"]
[Site "Madrid ESP"]
[Date "2020.02.22"]
[Round "7.5"]
[White "Narvaez Parra, Vicente"]
[Black "Andrade Sandoval, Bianca"]
[Result "1/2-1/2"]
[WhiteElo "1808"]
[BlackElo "1966"]
[PlyCount "80"]
[EventDate "2020.02.06"]
[EventType "swiss"]
[EventRounds "9"]
[EventCountry "ESP"]
[SourceTitle "Ajedrez en Madrid"]
[Source "lmi"]
[SourceDate "2020.02.06"]
[SourceVersion "1"]
[SourceVersionDate "2020.03.02"]
[SourceQuality "1"]

1. d4 d5 2. c4 e6 3. Nc3 Nf6 4. cxd5 exd5 5. Bg5 Be7 6. e3 c6 7. Bd3 Bg4 8. Qb3
Qb6 9. Qc2 Nbd7 10. Nge2 Bh5 11. Nf4 Bg6 12. Nxg6 hxg6 13. a3 Bd6 14. h3 a6 15.
O-O Qc7 16. Rfe1 O-O 17. e4 dxe4 18. Nxe4 Bf4 19. Nxf6+ Nxf6 20. Bxf4 Qxf4 21.
Re7 Rab8 22. Rd1 Nd5 23. Re4 Qf6 24. Bc4 Rbd8 25. Qb3 b5 26. Bf1 Nf4 27. Qf3
Ne6 28. Qc3 Rd6 29. d5 Qxc3 30. bxc3 cxd5 31. Rb4 Rfd8 32. a4 bxa4 33. Rxa4 Nc7
34. Rda1 Rc6 35. c4 dxc4 36. Bxc4 Rdd6 37. Rb1 Rb6 38. Rba1 Kf8 39. g3 f6 40.
h4 Rbc6 1/2-1/2

[Event "Madrid 2019-2020 ch - Previa b"]
[Site "Madrid ESP"]
[Date "2020.02.22"]
[Round "7.6"]
[White "Rojas Pozo, Jose Luis"]
[Black "Cujba, Anca-Claudia"]
[Result "1-0"]
[WhiteElo "1938"]
[BlackElo "1591"]
[PlyCount "91"]
[EventDate "2020.02.06"]
[EventType "swiss"]
[EventRounds "9"]
[EventCountry "ESP"]
[SourceTitle "Ajedrez en Madrid"]
[Source "lmi"]
[SourceDate "2020.02.06"]
[SourceVersion "1"]
[SourceVersionDate "2020.03.02"]
[SourceQuality "1"]

1. d4 d5 2. c4 c6 3. Nc3 Nf6 4. e3 Bg4 5. Nf3 e6 6. Qb3 Qb6 7. c5 Qxb3 8. axb3
Bxf3 9. gxf3 Nbd7 10. f4 Be7 11. b4 O-O 12. b5 Ng4 13. Be2 Ndf6 14. f3 Nh6 15.
bxc6 bxc6 16. Ra6 Rfc8 17. b4 Ne8 18. Bd2 Bh4+ 19. Kf1 Nf5 20. Kg2 g5 21. fxg5
Bxg5 22. f4 Bh6 23. Rha1 Nf6 24. Rxa7 Rab8 25. b5 cxb5 26. Bxb5 Ng4 27. Re1 Bg7
28. Bd7 Ra8 29. Rxa8 Rxa8 30. c6 Nf6 31. Rb1 Nd6 32. Nb5 Nxb5 33. Rxb5 Nxd7 34.
cxd7 Bf8 35. Ba5 Rxa5 36. Rxa5 Be7 37. Ra8+ Kg7 38. d8=Q Bxd8 39. Rxd8 h6 40.
Kg3 Kf6 41. Kg4 Kg7 42. f5 Kf6 43. fxe6 fxe6 44. Kf4 h5 45. h4 Kf7 46. Ke5 1-0

[Event "Madrid 2019-2020 ch - Previa b"]
[Site "Madrid ESP"]
[Date "2020.02.22"]
[Round "7.7"]
[White "Vukotic Jovsic, Dragan"]
[Black "Galarreta Santana, Javier"]
[Result "1-0"]
[WhiteElo "1886"]
[BlackElo "1666"]
[PlyCount "71"]
[EventDate "2020.02.06"]
[EventType "swiss"]
[EventRounds "9"]
[EventCountry "ESP"]
[SourceTitle "Ajedrez en Madrid"]
[Source "lmi"]
[SourceDate "2020.02.06"]
[SourceVersion "1"]
[SourceVersionDate "2020.03.02"]
[SourceQuality "1"]

1. d4 Nf6 2. Bf4 g6 3. Nf3 Bg7 4. e3 O-O 5. h3 d5 6. Be2 Nbd7 7. O-O Nb6 8.
Nbd2 a5 9. a4 Bd7 10. b3 Ne4 11. Nxe4 dxe4 12. Ne5 Nd5 13. Bh2 Nc3 14. Qd2
Nxe2+ 15. Qxe2 Be6 16. Qb5 Qc8 17. Rad1 Rd8 18. Qc5 Rd5 19. Qxe7 f6 20. c4 Rd8
21. Ng4 Bxg4 22. hxg4 Qxg4 23. Qxc7 Rd7 24. Qf4 Qxf4 25. Bxf4 g5 26. Bh2 b6 27.
f4 exf3 28. Rxf3 Kf7 29. Rf5 Re8 30. Kf2 Kg6 31. Rb5 Rde7 32. Rd3 Re6 33. d5
Re4 34. d6 Rd8 35. d7 Re7 36. Rbd5 1-0

[Event "Madrid 2019-2020 ch - Previa b"]
[Site "Madrid ESP"]
[Date "2020.02.22"]
[Round "7.8"]
[White "Martin Garcia, Luis I"]
[Black "Garcia Serrano, Jose Manuel"]
[Result "1/2-1/2"]
[WhiteElo "1817"]
[BlackElo "1863"]
[PlyCount "47"]
[EventDate "2020.02.06"]
[EventType "swiss"]
[EventRounds "9"]
[EventCountry "ESP"]
[SourceTitle "Ajedrez en Madrid"]
[Source "lmi"]
[SourceDate "2020.02.06"]
[SourceVersion "1"]
[SourceVersionDate "2020.03.02"]
[SourceQuality "1"]

1. e4 e5 2. Nf3 Nc6 3. Bb5 a6 4. Ba4 Nf6 5. O-O Nxe4 6. Qe2 Nc5 7. Bxc6 dxc6 8.
Nxe5 Ne6 9. Qf3 Qf6 10. Qxf6 gxf6 11. Nf3 Bd7 12. d4 O-O-O 13. c4 h5 14. Nc3
Be7 15. Be3 Rdg8 16. Rfe1 Bd8 17. Rad1 Rg4 18. Ne2 h4 19. d5 Nf8 20. Nf4 Rgg8
21. Bd4 Rg4 22. Be3 Rgg8 23. Bd4 Rg4 24. Be3 1/2-1/2

[Event "Madrid 2019-2020 ch - Previa b"]
[Site "Madrid ESP"]
[Date "2020.02.22"]
[Round "7.9"]
[White "Estevez Sacristan, Deva"]
[Black "De Dompablo Fantova, Juan"]
[Result "1-0"]
[WhiteElo "1885"]
[BlackElo "1664"]
[PlyCount "103"]
[EventDate "2020.02.06"]
[EventType "swiss"]
[EventRounds "9"]
[EventCountry "ESP"]
[SourceTitle "Ajedrez en Madrid"]
[Source "lmi"]
[SourceDate "2020.02.06"]
[SourceVersion "1"]
[SourceVersionDate "2020.03.02"]
[SourceQuality "1"]

1. e4 e5 2. Nf3 Nc6 3. Bb5 Nf6 4. d3 Bc5 5. O-O O-O 6. Bxc6 dxc6 7. Nxe5 Re8 8.
Nf3 Bg4 9. Be3 Bxe3 10. fxe3 Qe7 11. Qe1 c5 12. Nbd2 Rad8 13. Qg3 Bc8 14. Rae1
b5 15. b3 a5 16. Nh4 Nh5 17. Qf2 Nf6 18. Nf5 Bxf5 19. exf5 Qe5 20. e4 Qd4 21.
Nf3 Qxf2+ 22. Kxf2 Ng4+ 23. Kg3 Ne5 24. Nxe5 Rxe5 25. Kf4 f6 26. g4 c4 27. Rd1
cxd3 28. Rxd3 Rxd3 29. cxd3 Rc5 30. Rf2 Kf7 31. d4 Rc1 32. e5 g5+ 33. fxg6+
hxg6 34. Ke4 f5+ 35. gxf5 gxf5+ 36. Rxf5+ Ke7 37. Rf2 c6 38. Rd2 Ke6 39. Kf4
Rf1+ 40. Kg4 Rg1+ 41. Kf3 Rc1 42. h4 Rh1 43. Kg4 a4 44. bxa4 bxa4 45. h5 Rg1+
46. Kf4 a3 47. Rh2 Rf1+ 48. Ke4 Rb1 49. h6 Rb2 50. Rh1 Rxa2 51. h7 Re2+ 52. Kd3
1-0

[Event "Madrid 2019-2020 ch - Previa b"]
[Site "Madrid ESP"]
[Date "2020.02.22"]
[Round "7.10"]
[White "Rey Martinez, Jaime"]
[Black "Rodriguez Avila, Alvaro"]
[Result "0-1"]
[WhiteElo "1687"]
[BlackElo "1807"]
[PlyCount "134"]
[EventDate "2020.02.06"]
[EventType "swiss"]
[EventRounds "9"]
[EventCountry "ESP"]
[SourceTitle "Ajedrez en Madrid"]
[Source "lmi"]
[SourceDate "2020.02.06"]
[SourceVersion "1"]
[SourceVersionDate "2020.03.02"]
[SourceQuality "1"]

1. e4 e6 2. d4 d5 3. Bd3 dxe4 4. Bxe4 Nf6 5. Bf3 Nc6 6. Ne2 e5 7. Bxc6+ bxc6 8.
dxe5 Qxd1+ 9. Kxd1 Ng4 10. Be3 Nxe5 11. Re1 Bb4 12. c3 Bd6 13. Nd4 O-O 14. h3
Nc4 15. b3 Nxe3+ 16. Rxe3 Bd7 17. Nd2 c5 18. N4f3 Rfe8 19. Nc4 Rxe3 20. Nxe3
Bc6 21. Kc2 Re8 22. Nd2 Bf4 23. Ndc4 Rd8 24. Rd1 Be4+ 25. Kc1 Re8 26. g3 Bh6
27. Rd7 Rc8 28. Kb2 Bc6 29. Re7 g6 30. Ne5 Be8 31. Nd5 Kf8 32. Rxc7 Rxc7 33.
Nxc7 Bg7 34. Nd3 Bd7 35. h4 Ke7 36. Nxc5 Bc6 37. Nd3 Kd6 38. Na6 Bb5 39. Nab4
a5 40. a4 Bd7 41. Nc2 h6 42. Ne3 Be6 43. Nf4 Bd7 44. Nc4+ Kc5 45. Nxa5 g5 46.
hxg5 hxg5 47. Ne2 Kd5 48. f3 Bf5 49. Nc4 Bd3 50. Ne3+ Kc5 51. Nc1 Bg6 52. b4+
Kc6 53. Kb3 Be5 54. g4 Bf4 55. b5+ Kb7 56. Nc4 Bxc1 57. Kb4 Bf4 58. Na5+ Kc7
59. Nb3 Bd6+ 60. Ka5 Bc2 61. Nd4 Bd1 62. Ka6 Bxa4 63. Nc6 Bd1 64. Nd4 Bc5 65.
Nf5 Bxf3 66. Nh6 Bb6 67. c4 Bb7# 0-1

[Event "Madrid 2019-2020 ch - Previa b"]
[Site "Madrid ESP"]
[Date "2020.02.22"]
[Round "7.11"]
[White "Sermukhamedov Minnullina, Adriana"]
[Black "Sanchez Hernandez, Alvaro"]
[Result "1-0"]
[WhiteElo "1220"]
[BlackElo "1772"]
[PlyCount "91"]
[EventDate "2020.02.06"]
[EventType "swiss"]
[EventRounds "9"]
[EventCountry "ESP"]
[SourceTitle "Ajedrez en Madrid"]
[Source "lmi"]
[SourceDate "2020.02.06"]
[SourceVersion "1"]
[SourceVersionDate "2020.03.02"]
[SourceQuality "1"]

1. d4 Nf6 2. Bf4 g6 3. e3 Bg7 4. Nf3 O-O 5. h3 d6 6. c3 c5 7. Nbd2 Nc6 8. Be2
cxd4 9. exd4 e5 10. dxe5 dxe5 11. Nxe5 Nd5 12. Nxc6 bxc6 13. Bh2 Re8 14. O-O
Bxc3 15. Nc4 Bxb2 16. Nxb2 Nc3 17. Qxd8 Nxe2+ 18. Kh1 Rxd8 19. Rad1 Be6 20. a3
Bd5 21. f3 Re8 22. Rfe1 Re6 23. Nd3 Rae8 24. Rb1 Bc4 25. Nc5 Re3 26. Ne4 Nc3
27. Rxe3 Nd5 28. Ree1 Rd8 29. Rbd1 f5 30. Nf6+ Kf7 31. Nxd5 cxd5 32. Rd4 Rc8
33. Rc1 Ke6 34. Kg1 a5 35. a4 Rc6 36. Kf2 Rb6 37. Rc2 Rb4 38. Bf4 Rxa4 39. Re2+
Kf7 40. Rb2 Ra1 41. Rb7+ Ke8 42. Rd2 Rf1+ 43. Kg3 a4 44. Ra7 Bb3 45. Re2+ Kd8
46. Bg5+ 1-0

[Event "Madrid 2019-2020 ch - Previa b"]
[Site "Madrid ESP"]
[Date "2020.02.22"]
[Round "7.12"]
[White "Rojas Fernandez, Antonio"]
[Black "Barragan Arriaza, Pablo"]
[Result "0-1"]
[WhiteElo "1409"]
[BlackElo "1886"]
[PlyCount "92"]
[EventDate "2020.02.06"]
[EventType "swiss"]
[EventRounds "9"]
[EventCountry "ESP"]
[SourceTitle "Ajedrez en Madrid"]
[Source "lmi"]
[SourceDate "2020.02.06"]
[SourceVersion "1"]
[SourceVersionDate "2020.03.02"]
[SourceQuality "1"]

1. e4 e5 2. Nf3 Nc6 3. Bc4 Bc5 4. d3 Nf6 5. Nc3 d6 6. Bg5 h6 7. Bxf6 Qxf6 8.
Nd5 Qd8 9. h3 Ne7 10. c3 c6 11. Nxe7 Qxe7 12. Qe2 f5 13. Bb3 Rf8 14. Bc2 fxe4
15. dxe4 Be6 16. Bb3 O-O-O 17. O-O-O a5 18. Bxe6+ Qxe6 19. Kb1 Rf6 20. Rhf1
Rdf8 21. Rd2 Kb8 22. Qd1 Rf4 23. Qc2 Qg6 24. Ne1 Qxe4 25. Qxe4 Rxe4 26. Nd3 Bb6
27. f3 Rh4 28. Nf2 Bxf2 29. Rfxf2 Kc7 30. Kc2 Rhf4 31. Rfe2 h5 32. Kd3 b5 33.
Re4 Rxe4 34. Kxe4 Rf4+ 35. Ke3 h4 36. g4 g5 37. Rd3 d5 38. a3 a4 39. Rd1 Kd6
40. Rd2 Kc5 41. Re2 e4 42. fxe4 Rxe4+ 43. Kd3 Rxe2 44. Kxe2 Kc4 45. Kd2 c5 46.
Kc2 d4 0-1

[Event "Madrid 2019-2020 ch - Previa b"]
[Site "Madrid ESP"]
[Date "2020.02.22"]
[Round "7.13"]
[White "Barragan Panal, Juan Jose"]
[Black "Rodriguez Torres, Manuel"]
[Result "1-0"]
[WhiteElo "1661"]
[BlackElo "1595"]
[PlyCount "57"]
[EventDate "2020.02.06"]
[EventType "swiss"]
[EventRounds "9"]
[EventCountry "ESP"]
[SourceTitle "Ajedrez en Madrid"]
[Source "lmi"]
[SourceDate "2020.02.06"]
[SourceVersion "1"]
[SourceVersionDate "2020.03.02"]
[SourceQuality "1"]

1. d4 f5 2. Nf3 Nf6 3. c4 e6 4. Nc3 Be7 5. Qc2 O-O 6. e4 d6 7. Bd3 Nc6 8. a3
fxe4 9. Nxe4 h6 10. h3 e5 11. dxe5 dxe5 12. Be3 Nd4 13. Nxf6+ Bxf6 14. Nxd4
exd4 15. O-O-O Kh8 16. Bg6 c5 17. Kb1 Qc7 18. Bc1 Bd7 19. Rhe1 b5 20. Be4 Rab8
21. g3 bxc4 22. Qxc4 Qa5 23. Re2 Bb5 24. Qxc5 Rfc8 25. Qh5 d3 26. Bxh6 dxe2 27.
Bd2+ Kg8 28. Bd5+ Kf8 29. Qf7# 1-0

[Event "Madrid 2019-2020 ch - Previa b"]
[Site "Madrid ESP"]
[Date "2020.02.22"]
[Round "7.14"]
[White "Mosteiro Montoro, Alvaro"]
[Black "Martin Hernandez, Vicente"]
[Result "0-1"]
[WhiteElo "1477"]
[BlackElo "1864"]
[PlyCount "58"]
[EventDate "2020.02.06"]
[EventType "swiss"]
[EventRounds "9"]
[EventCountry "ESP"]
[SourceTitle "Ajedrez en Madrid"]
[Source "lmi"]
[SourceDate "2020.02.06"]
[SourceVersion "1"]
[SourceVersionDate "2020.03.02"]
[SourceQuality "1"]

1. d4 d5 2. Nf3 Nf6 3. c4 e6 4. Nc3 Nbd7 5. cxd5 exd5 6. e3 c6 7. Bd3 Bd6 8.
O-O O-O 9. Re1 Re8 10. Qc2 h6 11. e4 dxe4 12. Nxe4 Nxe4 13. Rxe4 Nf6 14. Rxe8+
Qxe8 15. Bd2 Be6 16. Re1 Qd7 17. b3 Rd8 18. h3 Bc7 19. b4 Nd5 20. Ne5 Qd6 21.
a3 Nb6 22. Be3 Nd7 23. Nf3 Nf6 24. Bc4 Nd5 25. Bxd5 Bxd5 26. Ne5 f6 27. Ng4 h5
28. Nh6+ Kh8 29. Nf7+ Bxf7 0-1

[Event "Madrid 2019-2020 ch - Previa b"]
[Site "Madrid ESP"]
[Date "2020.02.22"]
[Round "7.15"]
[White "Canseco Arenas, Alfonso"]
[Black "Sastre Pavicich, Ruben A."]
[Result "1-0"]
[WhiteElo "1604"]
[BlackElo "1577"]
[PlyCount "75"]
[EventDate "2020.02.06"]
[EventType "swiss"]
[EventRounds "9"]
[EventCountry "ESP"]
[SourceTitle "Ajedrez en Madrid"]
[Source "lmi"]
[SourceDate "2020.02.06"]
[SourceVersion "1"]
[SourceVersionDate "2020.03.02"]
[SourceQuality "1"]

1. a3 d5 2. g3 Nf6 3. Bg2 c5 4. c4 e6 5. cxd5 exd5 6. Nf3 Nc6 7. O-O Be7 8. d4
O-O 9. Nc3 cxd4 10. Nxd4 Be6 11. Nxe6 fxe6 12. e3 Rc8 13. Ne2 Qb6 14. Nf4 Ne5
15. Qd4 Qd6 16. Qd1 Ng6 17. Re1 Nxf4 18. exf4 Rce8 19. Be3 b6 20. Bd4 Nd7 21.
Rc1 Bf6 22. Rc2 Bxd4 23. Qxd4 Rc8 24. Rce2 Rf6 25. Bh3 Nf8 26. Qd3 g6 27. Re5
Rd8 28. Qe2 Kf7 29. Qd2 Re8 30. Bg2 Rd8 31. Rc1 Nd7 32. Ree1 Nc5 33. Qc2 Qd7
34. b4 Na6 35. Bf1 Nb8 36. a4 a6 37. Qc7 Kg8 38. Qxb6 1-0

[Event "Madrid 2019-2020 ch - Previa b"]
[Site "Madrid ESP"]
[Date "2020.02.22"]
[Round "7.16"]
[White "Palacios Sanchez, Victor"]
[Black "Sastre Picierro, Martin"]
[Result "1-0"]
[WhiteElo "1652"]
[BlackElo "1413"]
[PlyCount "99"]
[EventDate "2020.02.06"]
[EventType "swiss"]
[EventRounds "9"]
[EventCountry "ESP"]
[SourceTitle "Ajedrez en Madrid"]
[Source "lmi"]
[SourceDate "2020.02.06"]
[SourceVersion "1"]
[SourceVersionDate "2020.03.02"]
[SourceQuality "1"]

1. c4 c5 2. g3 d5 3. cxd5 Qxd5 4. Nf3 Nc6 5. Nc3 Qh5 6. Bg2 Bh3 7. O-O Bxg2 8.
Kxg2 Nf6 9. Nb5 Rc8 10. d3 e5 11. Qa4 a6 12. Na7 Rc7 13. Nxc6 Rxc6 14. Qc2 Be7
15. b3 O-O 16. Bb2 Bd6 17. Rac1 Rfc8 18. Rfd1 b5 19. Qd2 Nd5 20. e4 Ne7 21. Ba3
b4 22. Bb2 Ng6 23. Rc4 Qg4 24. Qe3 Nf4+ 25. Kh1 Ne6 26. Rdc1 Qh5 27. Kg2 f5 28.
exf5 Qxf5 29. Nxe5 R6c7 30. Qe4 Nd4 31. Bxd4 Qxe4+ 32. dxe4 cxd4 33. Rxc7 Rxc7
34. Rxc7 Bxc7 35. Nd3 a5 36. Kf3 Kf7 37. e5 Ke6 38. Ke4 Bb6 39. f4 g6 40. g4 h6
41. h4 Bd8 42. f5+ gxf5+ 43. gxf5+ Kf7 44. h5 Bh4 45. Kxd4 Bg3 46. Kc5 Bh4 47.
Kc6 Bd8 48. Kd7 Bb6 49. e6+ Kf6 50. e7 1-0

[Event "Madrid 2019-2020 ch - Previa b"]
[Site "Madrid ESP"]
[Date "2020.02.22"]
[Round "7.17"]
[White "Martin Rodriguez, Jose Luis"]
[Black "Fariñas Lucas, Juan Antonio"]
[Result "0-1"]
[WhiteElo "1197"]
[BlackElo "1448"]
[PlyCount "130"]
[EventDate "2020.02.06"]
[EventType "swiss"]
[EventRounds "9"]
[EventCountry "ESP"]
[SourceTitle "Ajedrez en Madrid"]
[Source "lmi"]
[SourceDate "2020.02.06"]
[SourceVersion "1"]
[SourceVersionDate "2020.03.02"]
[SourceQuality "1"]

1. c4 Nf6 2. Nc3 g6 3. e4 d6 4. d4 Bg7 5. Be2 O-O 6. Be3 e5 7. dxe5 dxe5 8. Bc5
Re8 9. Qxd8 Rxd8 10. Rd1 Nc6 11. Rxd8+ Nxd8 12. Nf3 Ne6 13. Ba3 Ne8 14. O-O Bd7
15. Rd1 Bc6 16. Nd5 Bxd5 17. cxd5 Nf4 18. Bc4 Rd8 19. g3 Ne6 20. Bb3 Nf8 21.
Bb4 Nd6 22. Bxd6 cxd6 23. Rc1 Rd7 24. Rc8 f5 25. Bc2 fxe4 26. Bxe4 h6 27. Bxg6
e4 28. Bxe4 Bxb2 29. Kg2 Kg7 30. Nh4 Rf7 31. Nf5+ Kh8 32. Nxh6 Rf6 33. g4 Rxh6
34. Rxf8+ Kg7 35. Rf3 Bd4 36. Rh3 Rxh3 37. Kxh3 Bxf2 38. Kg2 Bd4 39. Kf3 b5 40.
Bd3 b4 41. Ke2 a5 42. Bb5 Kg6 43. Kd3 Be5 44. h3 Kg5 45. Kc4 Kh4 46. Ba4 Kxh3
47. Kb5 Kxg4 48. Kxa5 Bc3 49. Bb3 Kf5 50. Kb5 Ke5 51. Kc6 Be1 52. Bc4 Kd4 53.
Bb3 Bg3 54. Bc4 Kxc4 55. Kb6 Kxd5 56. Kb5 Be1 57. Ka4 Ke4 58. Kb3 d5 59. Kc2 d4
60. Kd1 Bc3 61. Kc2 d3+ 62. Kd1 d2 63. Kc2 Ke3 64. Kd1 Kf2 65. a3 bxa3 0-1

[Event "Madrid 2019-2020 ch - Previa b"]
[Site "Madrid ESP"]
[Date "2020.02.28"]
[Round "8.1"]
[White "Lopez de Turiso, Jose Angel"]
[Black "Martin Arbeloa, Fernando"]
[Result "1-0"]
[WhiteElo "1938"]
[BlackElo "1991"]
[PlyCount "49"]
[EventDate "2020.02.06"]
[EventType "swiss"]
[EventRounds "9"]
[EventCountry "ESP"]
[SourceTitle "Ajedrez en Madrid"]
[Source "lmi"]
[SourceDate "2020.02.06"]
[SourceVersion "1"]
[SourceVersionDate "2020.03.02"]
[SourceQuality "1"]

1. d4 Nf6 2. Nc3 d5 3. Bg5 e6 4. e4 dxe4 5. Nxe4 Be7 6. Bxf6 Bxf6 7. Nxf6+ Qxf6
8. Nf3 O-O 9. Bd3 Nd7 10. Qe2 Qe7 11. O-O-O Nf6 12. Ne5 a6 13. g4 Nd7 14. h4 c5
15. dxc5 Nxc5 16. g5 Nxd3+ 17. Rxd3 Rd8 18. Rxd8+ Qxd8 19. Rd1 Qe7 20. Qf3 f6
21. gxf6 gxf6 22. Qg4+ Kf8 23. Rg1 Ke8 24. Qg8+ Qf8 25. Qxh7 1-0

[Event "Madrid 2019-2020 ch - Previa b"]
[Site "Madrid ESP"]
[Date "2020.02.28"]
[Round "8.3"]
[White "Pajuelo Morales, Raul"]
[Black "Moreno Torrero, Javier"]
[Result "1/2-1/2"]
[WhiteElo "1836"]
[BlackElo "1918"]
[PlyCount "31"]
[EventDate "2020.02.06"]
[EventType "swiss"]
[EventRounds "9"]
[EventCountry "ESP"]
[SourceTitle "Ajedrez en Madrid"]
[Source "lmi"]
[SourceDate "2020.02.06"]
[SourceVersion "1"]
[SourceVersionDate "2020.03.02"]
[SourceQuality "1"]

1. c4 e5 2. g3 Nc6 3. Bg2 f5 4. Nc3 Nf6 5. d3 Bc5 6. e3 O-O 7. Nge2 a5 8. O-O
d6 9. b3 Qe7 10. Nd5 Nxd5 11. cxd5 Nd8 12. d4 Bb6 13. dxe5 dxe5 14. Bb2 Nf7 15.
Rc1 Rd8 16. Qc2 1/2-1/2

[Event "Madrid 2019-2020 ch - Previa b"]
[Site "Madrid ESP"]
[Date "2020.02.28"]
[Round "8.5"]
[White "Santamaria Baeza, Adolfo"]
[Black "Vukotic Jovsic, Dragan"]
[Result "0-1"]
[WhiteElo "1857"]
[BlackElo "1886"]
[PlyCount "140"]
[EventDate "2020.02.06"]
[EventType "swiss"]
[EventRounds "9"]
[EventCountry "ESP"]
[SourceTitle "Ajedrez en Madrid"]
[Source "lmi"]
[SourceDate "2020.02.06"]
[SourceVersion "1"]
[SourceVersionDate "2020.03.02"]
[SourceQuality "1"]

1. e4 c5 2. Nf3 e6 3. Bc4 Nc6 4. O-O Be7 5. a3 Qc7 6. Nc3 a6 7. Re1 Nf6 8. d3
d6 9. Bf4 e5 10. Be3 Bg4 11. Bd5 Nd4 12. Bxd4 cxd4 13. Ne2 Nxd5 14. exd5 Bxf3
15. gxf3 Qb6 16. c3 dxc3 17. Qa4+ Kf8 18. bxc3 Qc5 19. Qb3 b5 20. d4 exd4 21.
Nxd4 Bf6 22. Re4 Rc8 23. Rae1 g6 24. R1e3 h5 25. Nc6 h4 26. Qb4 Qxd5 27. Ne7
Bxe7 28. Rxe7 Rh5 29. h3 Rg5+ 30. Kf1 Qd1+ 31. Re1 Qd3+ 32. R1e2 Rc4 33. R7e3
Qd5 34. Qa5 Qf5 35. Qd8+ Kg7 36. Qxd6 Qxh3+ 37. Ke1 Qh1+ 38. Kd2 Rg1 39. Qe5+
Kh7 40. Re4 Qxf3 41. R4e3 Qh1 42. Re4 Rd1+ 43. Ke3 Rxe4+ 44. Qxe4 Qxe4+ 45.
Kxe4 Ra1 46. f4 Rxa3 47. Kd4 Ra4+ 48. Ke5 f6+ 49. Kxf6 Rxf4+ 50. Kg5 Rf5+ 51.
Kxh4 Rc5 52. Re6 a5 53. Ra6 a4 54. Ra5 Kh6 55. Kg4 Rc4+ 56. Kg3 Rxc3+ 57. Kg4
Rc5 58. Kh4 g5+ 59. Kg4 Rc4+ 60. Kg3 Rb4 61. Ra8 Kg6 62. Rg8+ Kf6 63. Kf3 g4+
64. Kg3 Ke6 65. Rg5 a3 66. Rg6+ Kf5 67. Ra6 Ra4 68. Rb6 b4 69. Rb5+ Ke4 70. Rb8
a2 0-1

[Event "Madrid 2019-2020 ch - Previa b"]
[Site "Madrid ESP"]
[Date "2020.02.28"]
[Round "8.6"]
[White "Andrade Sandoval, Bianca"]
[Black "Sermukhamedov Minnullina, Adriana"]
[Result "1-0"]
[WhiteElo "1966"]
[BlackElo "1220"]
[PlyCount "97"]
[EventDate "2020.02.06"]
[EventType "swiss"]
[EventRounds "9"]
[EventCountry "ESP"]
[SourceTitle "Ajedrez en Madrid"]
[Source "lmi"]
[SourceDate "2020.02.06"]
[SourceVersion "1"]
[SourceVersionDate "2020.03.02"]
[SourceQuality "1"]

1. d4 Nf6 2. Bf4 c5 3. e3 d6 4. h3 Qb6 5. b3 g6 6. Nf3 Bg7 7. c3 Qa5 8. Qd2 Nc6
9. Bd3 O-O 10. O-O e5 11. dxe5 dxe5 12. Nxe5 Nxe5 13. Bxe5 Ne4 14. Bxe4 Bxe5
15. Qd5 Bg7 16. b4 Qb6 17. Qxc5 Be6 18. Na3 Rac8 19. Qxb6 axb6 20. Rac1 Rxc3
21. Rxc3 Bxc3 22. Bxb7 Bxb4 23. Nc2 Bc5 24. a3 Rd8 25. Nb4 Bc4 26. Rb1 Rd2 27.
Bf3 Kg7 28. Rc1 Be2 29. Bxe2 Rxe2 30. Rb1 Rd2 31. a4 Bxb4 32. Rxb4 Rd6 33. f4
Kf6 34. Kf2 Ke6 35. Rb5 Kf6 36. Kf3 Re6 37. g4 h6 38. h4 Rd6 39. g5+ hxg5 40.
hxg5+ Ke7 41. Kg4 Rc6 42. Rb4 f6 43. gxf6+ Kxf6 44. e4 Re6 45. Rc4 Ke7 46. e5
Kd7 47. Kg5 Ke7 48. Rc7+ Kf8 49. Rd7 1-0